000 00721nam a22002057a 4500
003 AM-YeHGA
005 20250617154047.0
008 180507s xxu||||| |||| 00| 0 rus d
040 _aAM-YeHGA
041 1 _arus
_hnor
100 1 _aГамсун, Кнут
245 1 0 _aМечтатель :
_bРоман /
_cКнут Гамсун; Пер. с норвеж. М. Коваленской.
260 _aМосква ;
_aЛенинград:
_bГос. изд.,
_c1927.
300 _a133 с.
440 0 _aУниверсальная библиотека
_v№ 435-436
653 0 _aНорвежская литература
700 1 _aКоваленская, М.
_eпер.
_4trl
942 _2udc
_cBK
090 _c406129
999 _c403898
_d403898